2択(運ゲー) - Statistics

General Stats
  • This quiz has been taken 388 times
  • The average score is 14 of 30
Answer Stats
Question Answer % Correct
Question 1
53%
Question 1
53%
Question 1
53%
Question 1
51%
Question 1
50%
Question 2
49%
Question 1
48%
Question 2
48%
Question 2
48%
Question 1
47%
Question 1
47%
Question 1
47%
Question 1
46%
Question 2
46%
Question 1
45%
Question 1
45%
Question 2
45%
Question 2
45%
Question 2
45%
Question 2
45%
Question 1
44%
Question 1
44%
Question 2
44%
Question 2
44%
Question 2
43%
Question 2
43%
Question 1
42%
Question 2
42%
Question 2
42%
Question 2
39%
No matching quizzes found
Score Distribution
Percent of People with Each Score
Percentile by Number Answered
Your Score History
You have not taken this quiz